000 00865nam a22001937a 4500
999 _c62025
_d62025
003 Ge_BSU
005 20240624164439.0
008 240624s1987 ge ||||| |||| 00| 0 geo d
041 _ageo
080 _a613.9-055.1 შ-56
100 _aშენკმანი, სტივ
_922558
245 _aჩვენ-მამაკაცები /
_cსტივ შენკმანი; [თარგმნა მ. ქანთარიამ]; რედ.ნ. თეთრაძე.
264 _aთბ. :
_bსაბჭ. საქართველო,
_c1987.
300 _a300გვ. :
_bილ. ;
_c20სმ.
653 _aმამაკაცთა ჰიგიენა
700 _aქანთარია, მ.
_eმთარგმნელი
_94348
700 _aთეთრაძე, ნ.
_eმთარგმნელი
_95067
942 _2udc
_cBK